{"text_format":"1","workbook":"xlsx","n_sheets":2,"sheets":["Pasiūlymas","Subtiekėjai ir priedai"],"not_rendered":{"charts":0,"images":0,"macros":1,"external_links":1,"defined_names":1,"comments":0,"pivot_tables":0},"unopened":[],"bounds":{"document_bytes":16777216,"sheet_cells":100000,"rows_first":2000,"rows_last":500,"rows_between":2000,"halvings":0,"cell_chars":16384,"cell_head_chars":4096},"cells_cut":0,"cells_raw":0,"read":"whole","date_system":"1900"}

{"sheet":"Pasiūlymas","index":0,"n_rows":247,"n_cols":7,"rows_kept":247,"cut":false,"hidden":false,"merged":[[27,0,27,5],[28,0,28,5],[24,0,24,5],[25,0,25,5],[26,0,26,5],[18,0,18,1],[18,2,18,5],[23,0,23,5],[19,0,19,1],[20,0,20,1],[19,2,19,5],[20,2,20,5],[22,0,22,5],[29,0,29,2],[29,3,29,5],[11,0,11,1],[11,2,11,5],[12,0,12,1],[12,2,12,5],[13,0,13,1],[13,2,13,5],[14,0,14,1],[14,2,14,5],[15,0,15,1],[15,2,15,5],[16,0,16,1],[16,2,16,5],[17,0,17,1],[17,2,17,5]]}
[]
["PIRKIMO SĄLYGŲ PRIEDAS \"PASIŪLYMŲ FORMA\""]
[]
["ELEKTROS INSTALIACINĖS MEDŽIAGOS, ŠVIESTUVAI, LEMPOS"]
[]
["Kam:","VšĮ LSMU Kauno ligoninė"]
[]
["Data:","2022-03-29"]
["Nr.:"]
["Vieta:","Vilnius"]
[]
["Tiekėjo pavadinimas / Ūkio subjektų grupės nariai:",null,"UAB \"EPTS\""]
["Tiekėjo kodas (-ai):",null,302409283]
["Tiekėjo adresas (-ai):",null,"Dzūkų g. 1-47, LT-02161 Vilnius"]
["Tiekėjo PVM mokėtojo kodas(-ai):",null,"LT100004794310"]
["Tiekėjo / Ūkio subjektų grupės atsakingo partnerio sąskaitos numeris, banko pavadinimas ir banko kodas (-ai):",null,"AGBLLT2X Lietuva Luminor Bank AB; LT104010051003378338"]
["Asmens atsakingo už pasiūlymą vardas, pavardė:",null,"Karolis Balaišis"]
["Asmens atsakingo už pasiūlymą telefono numeris, el. pašto adresas:",null,"8 640 42167, karolis@epts.lt"]
["Tiekėjo / Ūkio subjektų grupės, laimėjimo atveju, pasirašančio sutartį asmens vardas, pavardė, pareigos:",null,"Direktorius Dainius Stirblys"]
["Tiekėjo / Ūkio subjektų grupės, laimėjimo atveju, už sutarties vykdymą atsakingo asmens vardas, pavardė, telefono numeris, elektroninio pašto adresas:",null,"Karolis Balaišis; 8 640 42167, karolis@epts.lt"]
["(1) Tiekėjo / Ūkio subjektų grupės narių, (2) ūkio subjektų, kurių pajėgumais remiamasi, ir (3) jei pašalinimo pagrindai taikomi visiems subtiekėjams - subtiekėjų, kolegialaus priežiūros organo (Stebėtojų tarybos) ir (ar) kolegialaus valdymo organo (Valdybos) narių sąrašas (jei sudaryta) ir (ar) asmuo, kuriam suteikti VPĮ 46 str. 2 d. 2 p. numatyti įgaliojimai",null,null,null,null,null,{"$f":"IF((SUMPRODUCT(--(C21=\"\"))>0), \"Privaloma užpildyti, kai taikomi pašalinimo pagrindai\", \"\")","v":"Privaloma užpildyti, kai taikomi pašalinimo pagrindai"}]
[]
["Tiekėjo patvirtinimai:"]
["1. Šiuo pasiūlymu pažymime, kad sutinkame su visomi pirkimo sąlygomis, nustatytomis:"]
["1.1. viešojo pirkimo dokumentuose"]
["1.2. kituose pirkimo dokumentuose (jų paaiškinimuose, papildymuose)."]
["2. Patvirtiname, kad informacija ir duomenys, pateikti pasiūlyme, yra teisingi ir apima viską, ko reikia tinkamam sutarties įvykdymui"]
["3. Patvirtiname, kad jei pasiūlyme nenurodyti kolegialaus priežiūros/valdymo organų nariai, šie organai juridiniuose asmenyse nėra sudaryti (taikoma, kai pirkimo dokumentuose nustatyti pašalinimo pagrindai)."]
["4. Pasiūlymas galioja iki termino, nustatyto pirkimo dokumentuose."]
["5. Tais atvejais, kai pagal galiojančius teisės aktus tiekėjui nereikia mokėti PVM, jis nurodo priežastis, dėl kurių PVM nemoka:"]
["6. Tiekėjas kainas pateikia, nurodydamas ne daugiau skaičių po kablelio, nei leidžiama pirkimo dokumentuose."]
["1. DALIS","ELEKTROS KABELIAI, JUNGTYS, PRIEDAI"]
[]
["Tiekėjo pasiūlymas:"]
["Nr.","Pavadinimas","Kiekis","Mato vienetas","Kaina be PVM, Eur","Suma be PVM, Eur","Siūlomi produktai"]
["1.","Elektros kabeliai, jungtys, priedai"]
["1.1.","PVC izol.,  plokščias 3x1,5 mm2 , monolitas, Cu",30000,"m",0.74,{"$f":"IF(ISBLANK(E37),\"\", PRODUCT(C37,E37))","v":22200},"Kabelis YDYpL 3x1.5"]
["1.2.","PVC izol. , plokščias 3x2,5 mm2, monolitas, Cu",20000,"m",1.19,23800,"Kabelis YDYpL 3x2.5"]
["1.3.","PVC izol.,plokščias  3x4 mm2, monolitas",700,"m",2.09,1463,"Kabelis YDYpL 3x4"]
["1.4.","PVC izol., V plokščias 5x2,5 mm2, monolitas, Cu",800,"m",2.14,1712,"Kabelis YDYpL 5x2,5"]
["1.5.","PVC izol., plokščias 5x4 mm2, monolitas, Cu",800,"m",3.66,2928,"Kabelis YDYpL 5x4"]
["1.6.","PVC izol., plokščias 5x6 mm2, monolitas, Cu",600,"m",5.0999999999999996,3060,"Kabelis YDYpL 5x6"]
["1.7.","PVC izol., 5x10 mm2, monolitas, Cu",800,"m",8.42,6736,"CYKY 5x10"]
["1.8.","PVC izol. gyslos daugiavielės, Cu 3x1,5 mm2, lankstus",800,"m",0.9,720,"OMY 3X1,5"]
["1.9.","PVC izol. gyslos daugiavielės, Cu 3x2,5 mm2, lankstus",800,"m",1.5,1200,"OMY 3X2,5"]
["1.10.","PVC izol.,  plokščias 3x1,0 mm2 monolitas, Cu",400,"m",0.6,240,"YDYpL 3x1.0"]
["1.11.","Daugiavielis laidas lankstus geltonai žalias 1x6 mm2",300,"m",1.0900000000000001,327,"LGY 1x6"]
["1.12.","PVC izol., 5x4 mm2, monolitas, Cu",600,"m",3.65,2190,"NYM 5x4"]
["1.13.","PVC izol., 5x6 mm2, monolitas, Cu",600,"m",5.0999999999999996,3060,"NYM 5x6"]
["1.14.","PVC izol., 5x10 mm2, monolitas, Cu",600,"m",8.4,5040,"CYKY 5x10"]
["1.15.","Izoliacinė juosta vini-tape",400,"vnt",0.7,280,"Izoliacinė juosta "]
["1.16.","Užveržimo dirželiai nailoniniai 2,5[+-1]x100[+-10] mm",10000,"vnt",4.0000000000000001E-3,40,"Laidų surišėjas 100x3 mm, juodos sp."]
["1.17.","Užveržimo dirželiai nailoniniai 4,8[+-2]x180[+-25] mm",60000,"vnt",1.4E-2,840,"Laidų surišėjas 150x5 mm"]
["1.18.","Užveržimo dirželiai nailoniniai 4,8[+-2]x300[+-20] mm",10000,"vnt",3.1E-2,310,"Laidų surišėjas 300x5 mm"]
["1.19.","Užveržimo dirželiai nailoniniai 4,8[+-2]x380[+-20] mm",10000,"vnt",0.04,400,"Laidų surišėjas 380x5 mm"]
["1.20.","Dirželio laikiklis prisukamas 7,8(+-3) mm",10000,"vnt",0.06,600,"Laikiklis dirželiui prisuk.juodas 7,8mm"]
["1.21.","Kabelio laikiklis 3-5 2*15 baltas",5000,"vnt",0.02,100,"Apkabos TC 3-5 2*15 baltas"]
["1.22.","Kabelio laikiklis 5x8 2*25 baltas",5000,"vnt",2.5000000000000001E-2,125,"Apkabos TC 5x8 2*25 baltos"]
["1.23.","Kabelio laikiklis 6x10 2*25 baltas",3000,"vnt",2.5000000000000001E-2,75,"Apkabos TC 6x10 2*25 baltos"]
["1.24.","Instaliacinis lovelis 15(+-2)x10(+-2) , ilgis 2000(+-200)mm",400,"vnt",0.99,396,"Kabelio kanalas 15x10, 2 metrų ilgio"]
["1.25.","Instaliacinis lovelis 15(+-2)x15(+-2) , ilgis 2000(+-200)mm",400,"vnt",0.95,380,"Kabelio kanalas 15x15, 2 metrų ilgio"]
["1.26.","Instaliacinis lovelis 20(+-2)x10(+-2) , ilgis 2000(+-200)mm",400,"vnt",1.1499999999999999,459.99999999999994,"Kabelio kanalas 20x12, 2 metrų ilgio"]
["1.27.","Instaliacinis lovelis 25(+-2)x20(+-2) , ilgis 2000(+-200)mm",400,"vnt",1.87,748,"Kabelio kanalas 25x20, 2 metrų ilgio"]
["1.28.","Instaliacinis lovelis 40(+-2)x20(+-2) , ilgis 2000(+-200)mm",200,"vnt",2.62,524,"Kabelio kanalas 40x20, 2 metrų ilgio"]
["1.29.","Instaliacinis lovelis 40(+-2)x40(+-2) , ilgis 2000(+-200)mm",200,"vnt",4.76,952,"Kabelio kanalas 40x40, 2 metrų ilgio"]
["1.30.","Kanalas grindinis 50(+-10)x10(+-2)mm  , ilgis 2000(+-200)mm",200,"vnt",8.84,1768,"Kanalas grindinis 50x12mm "]
["1.31.","Kanalas su dangčiu 50x100mm DLP-S  ,",150,"m",1.37,205.50000000000003,"Kanalas su dangčiu 50x100 "]
["1.32.","Dangtelis galinis 50x100mm DLP-S",300,"vnt",1.7,510,"Gal.dangtel.kanal.50x100"]
["1.33.","Kištukinis lizdas  1 vietos",150,"vnt",5.01,{"$f":"IF(ISBLANK(E69),\"\", PRODUCT(C69,E69))","v":751.5},"Lizdų blokas balt.1vietos 220V"]
["1.34.","Kištukinis lizdas 3 vietų",100,"vnt",10,1000,"Lizdų blokas 3vietų 220V "]
["1.35.","Kabeliniai cinkuoto metalo loveliai   50[+-5]x100[+-20] mm,  ilgis 2000(+-200)mm",100,"vnt",7.48,748,"Kabeliniai cinkuoto metalo loveliai 42x100, 2 metrai ilgis"]
["1.36.","Gofruotas vamzdis 12(+-2)/9 (+-2)",300,"m",1.19,357,"G.6158 gofr.vamzdis PE 12/9"]
["1.37.","Gofruotas vamzdis 16(+-2) 320N su viela",300,"m",0.27,81,"Gofr. vamzdis su viela IPS16F (50m) 320N su viela"]
["1.38.","Gofruotas vamzdis  20(+-2) 320N su viela",300,"m",0.33,99,"Gofr. vamzdis su viela IPS20F (50m) 320N su viela"]
["1.39.","Gofruotas vamzdis  25(+-2) 320N su viela",300,"m",0.32,96,"Gofr. vamzdis su viela IPS25F (50m) 320N su viela"]
["1.40.","Gofruotas vamzdis  32(+-2) 320N su viela",300,"m",0.39,117,"Gofr. vamzdis RG32 320N su viela"]
["1.41.","Kabelinio cinkuoto metalo lovelių tvirtinimo kampas  L 200[+-5] mm",300,"vnt",1.65,495,"Kabelinio cinkuoto metalo lovelių tvirtinimo kampas L200"]
["1.42.","Laidas telefoninis TKPV 1x2x0,5",600,"m",0.3,180,"Laidas telefoninis TKPV 1x2x0,5"]
["1.43.","Laidas telefoninis TKPV 1x4x0,5",1000,"m",0.3,300,"Laidas telefoninis TKPV 1x4x0,5"]
["1.44.","Koksalinis kabelis 75 Ω",600,"m",0.24,144,"Kabelis RG6/30 "]
["1.45.","Kabelis UTP, 5 kategorija",50000,"m",0.28999999999999998,14499.999999999998,"Kabelis UTP 5e kat. PVC 305m"]
["1.46.","Laidų jungtis 5x0,2-4mm² 32A/450V Wago atlenkiama",600,"vnt",0.65,390,"221-415 jungtis 5x0.2-4mm2 WAGO atlenkiama"]
["1.47.","Laidų jungtis 2x0,2-4mm² 32A/450V Wago atlenkiama",1000,"vnt",0.33,330,"221-412 jungtis 2x0.2-4mm2 WAGO atlenkiama"]
["1.48.","Laidų jungtis 3x0,2-4mm² 32A/450V atlenkiama",1000,"vnt",0.41,410,"221-413 jungtis 3x0.2-4mm2 WAGO atlenkiama"]
["1.49.","Gnybtas 12(+-2)x10mm²",100,"vnt",0.74,74,"Gnybtas 12x10mm "]
["1.50.","Gnybtas 12(+-2)x16mm²",100,"vnt",1.05,105,"Gnybtas 12x16mm "]
["1.51.","Gnybtas 12(+-2)x2,5-4mm²",100,"vnt",0.43,43,"Gnybtas 12x2,5-4mm "]
["1.52.","Gnybtas 12(+-2)x6mm²",100,"vnt",0.6,60,"Gnybtas 12x6mm "]
["1.53.","Gnybtas 12(+-2)x25mm²",50,"vnt",1.61,80.5,"Gnybtas 12x25mm "]
["1.54.","Gnybtas KE16-1 1,5-16mm² Al/Cu gelt./žalias",200,"vnt",2.5499999999999998,509.99999999999994,"Gnybtas 1x1.5-16mm2 Al/Cu g/ž"]
["1.55.","Gnybtas KE16-1 1,5-16mm² Al/Cu mėlynas",200,"vnt",2.5499999999999998,509.99999999999994,"Gnybtas 1x1.5-16mm2 Al/Cu mėl"]
["1.56.","Gnybtas KE50-1 2,5-50mm² Al/Cu gelt./žalias",100,"vnt",2.75,275,"Gnybtas 1x1.5-50mm2 Al/Cu g/ž"]
["1.57.","Gnybtas KE50-1 2,5-50mm² Al/Cu mėlynas",100,"vnt",2.75,275,"Gnybtas 1x1.5-50mm2 Al/Cu mėl"]
["1.58.","Gnybtas KE50-1 2,5-50mm² Al/Cu pilkas",100,"vnt",2.63,263,"Gnybtas 1x1.5-50mm2 Al/Cu pilkas"]
["1.59.","Gnybtas KE16-1 1,5-16mm² Al/Cu pilkas",200,"vnt",2.5499999999999998,509.99999999999994,"Gnybtas 1x1.5-16mm2 Al/Cu pilkas"]
["1.60.","VARINIS JĖGOS KABELIS SU PVC IZOLIACIJA CYKY 5X16",200,"m",12.44,2488," Kabelis CYKY-J 5x16"]
[null,null,null,null,"Suma be PVM",{"$f":"IF((SUMPRODUCT(--(F37:F96=\"\"))>0), \"\", SUM(F37:F96))","v":108581.5},{"$f":"IF((SUMPRODUCT(--(F37:F96=\"\"))>0), \"Neužpildytos visų objektų kainos\", \"\")","v":""}]
[null,null,null,null,"PVM suma",22802.11]
[null,null,null,null,"Suma su PVM",{"$f":"IF(ISBLANK(F98), \"\", SUM(F97:F98))","v":131383.60999999999}]
[]
[]
[]
["2. DALIS","ELEKTROS INSTALIACINĖS MEDŽIAGOS, JUNGIKLIAI, ROZETĖS"]
[]
["Tiekėjo pasiūlymas:"]
["Nr.","Pavadinimas","Kiekis","Mato vienetas","Kaina be PVM, Eur","Suma be PVM, Eur","Siūlomi produktai"]
["2.","Elektros instaliacinės medžiagos, jungikliai, rozetės"]
["2.1.","Vienfazis, I atj. 6 kA, In 6  A, „C“",60,"vnt",1.49,{"$f":"IF(ISBLANK(E108),\"\", PRODUCT(C108,E108))","v":89.4},"1P 6A C automatinis apsauginis išjungiklis"]
["2.2.","Vienfazis, I atj. 6kA, In 10 A, „C“",150,"vnt",1.49,223.5,"1P 10A C automatinis apsauginis išjungiklis"]
["2.3.","Vienfazis, I atj.  6 kA, In 16 A, „C\"",200,"vnt",1.49,298,"1P 16A C automatinis apsauginis išjungiklis"]
["2.4.","Vienfazis, I atj.  6 kA, In 20 A, „C“",150,"vnt",1.49,223.5,"1P 20A C automatinis apsauginis išjungiklis"]
["2.5.","Trifazis, I atj.  6 kA, In 6  A, „C“",40,"vnt",4.7,188,"3P 6A C automatinis apsauginis išjungiklis"]
["2.6.","Trifazis, I atj. 6 kA, In 10 A, „C“",60,"vnt",4.7,282,"3P 10A C automatinis apsauginis išjungiklis"]
["2.7.","Trifazis, I atj. 6 kA, In 16 A, „C“",100,"vnt",4.7,470,"3P 16A C automatinis apsauginis išjungiklis"]
["2.8.","Trifazis, I atj. 6 kA, In 20 A, „C“",100,"vnt",4.7,470,"3P 20A C automatinis apsauginis išjungiklis"]
["2.9.","Trifazis, I atj. 6 kA, In 32 A, „C“",60,"vnt",4.7,282,"3P 32A C automatinis apsauginis išjungiklis"]
["2.10.","Trifazis, I atj.  6 kA, In 40 A, „C“",50,"vnt",4.7,235,"3P 40A C automatinis apsauginis išjungiklis"]
["2.11.","Trifazis, I atj.  6 kA, In 63  A , „C“",40,"vnt",4.7,188,"3P 63A C automatinis apsauginis išjungiklis"]
["2.12.","Apsauginis išjungėjas .Vienfazė, 2P, IN  10 A, 30 mA",30,"vnt",15.21,456.3,"srovės nuot.relė 2P 10A 30mA AC tipo"]
["2.13.","Apsauginis išjungėjas. Vienfazė, 2P, IN  16 A, 30 mA",30,"vnt",15.21,456.3,"srovės nuot.relė 2P 16A 30mA AC tipo "]
["2.14.","Apsauginis išjungėjas. Vienfazė, 2P, IN  20 A, 30 mA",30,"vnt",15.21,456.3,"srovės nuot.relė 2P 20A 30mA AC tipo "]
["2.15.","Apsauginis išjungėjas. Vienfazė, 2P, IN  25 A, 30 mA",30,"vnt",15.21,456.3,"srovės nuot.relė 2P 25A 30mA AC tipo "]
["2.16.","Apsauginis išjungėjas. Vienfazė, 2P, IN  40 A, 30 mA",10,"vnt",15.21,152.10000000000002,"srovės nuot.relė 2P 40A 30mA AC tipo "]
["2.17.","Apsauginis išjungėjas. Trifazis,  4P, IN 10 A, 30 mA",20,"vnt",24.26,485.20000000000005,"srovės nuot.relė 4P 10A 30mA AC tipo"]
["2.18.","Apsauginis išjungėjas. Trifazis,  4P, IN 16 A, 30 mA",40,"vnt",24.26,970.40000000000009,"srovės nuot.relė 4P 16A 30mA AC tipo "]
["2.19.","Apsauginis išjungėjas. Trifazis,  4P, IN 20 A, 30 mA",40,"vnt",24.26,970.40000000000009,"srovės nuot.relė 4P 20A 30mA AC tipo"]
["2.20.","Apsauginis išjungėjas. Trifazis,  4P, IN 32 A, 30 mA",40,"vnt",24.26,970.40000000000009,"srovės nuot.relė 4P 32A 30mA AC tipo"]
["2.21.","Apsauginis išjungėjas. Trifazis,  4P, IN 40 A, 30 mA",30,"vnt",22.7,681,"srovės nuot.relė 4P 40A 30mA AC tipo "]
["2.22.","Variklių paleidimo kontaktoriai su šilumine rele. Varikliui iki 1 kW",10,"vnt",17,170,"Variklio paleidėjas LEI-D09 IP55 iki 1kW"]
["2.23.","Variklių paleidimo kontaktoriai su šilumine rele. Varikliui  1-2  kW",10,"vnt",17,170,"Variklio paleidėjas LEI-D09 IP55 iki 1-2W"]
["2.24.","Variklių paleidimo kontaktoriai su šilumine rele. Varikliui iki 2-3 kW",10,"vnt",17,170,"Variklio paleidėjas LEI-D09 IP55 iki 2-3 kW"]
["2.25.","Variklių paleidimo kontaktoriai su šilumine rele. Varikliui iki 3-4 kW",10,"vnt",17,170,"Variklio paleidėjas LEI-D09 IP55 3-4kW"]
["2.26.","Foto daviklis, valdymo galia iki 1,5 kW",20,"vnt",7,140,"Foto daviklis iki 1,5 kW "]
["2.27.","Judesio daviklis valdymo galia iki 1,5 kW",40,"vnt",6.03,241.20000000000002,"Judesio daviklis valdymo galia iki 1,5kW "]
["2.28.","Saugikliai PR 63",40,"vnt",3.4,136,"Saugiklis PR63"]
["2.29.","Saugiklis automatinis 16A, E27",40,"vnt",2.2999999999999998,92,"Įsukamas automatinis apsauginis išjungiklis S101 16A E27"]
["2.30.","Saugikliai PN-2 arba analogas, įvairaus amperažo. Korpusas 100 A.",40,"vnt",4.55,182,"Saugiklis PN-2, 100A"]
["2.31.","Šyna 1P/12mod. KDN tipo 10mm²",30,"vnt",2.7,81,"KDN163A 16mm 1P/12mod."]
["2.32.","Šyna 1P/57(+-3)mod. KDN tipo 16mm²",20,"vnt",16.75,335,"KDN180B 16mm 1P/57mod."]
["2.33.","Šyna 3P/12mod. KDN tipo 16mm²",20,"vnt",5.43,{"$f":"IF(ISBLANK(E140),\"\", PRODUCT(C140,E140))","v":108.6},"KDN380A 16mm 3P/12mod."]
["2.34.","Šyna 3P/57mod. KDN tipo  16mm²",20,"vnt",19.66,393.2,"KDN380B 16mm 3P/12mod."]
["2.35.","Elektros instaliacijos moduliniai skydeliai. Potinkinis 8 modulių",20,"vnt",9.99,199.8,"Skydelis 8 modulių potinkinis"]
["2.36.","Elektros instaliacijos moduliniai skydeliai. Potinkinis 12 modulių",200,"vnt",8.4700000000000006,1694.0000000000002,"Skydelis 12mod. Potinkinis"]
["2.37.","Elektros instaliacijos moduliniai skydeliai. Potinkinis 18 modulių",20,"vnt",15.09,301.8,"Skydelis 18 modulių potinkinis"]
["2.38.","Elektros instaliacijos moduliniai skydeliai. Potinkinis 24 modulių",20,"vnt",13.65,273,"Skydelis 24mod. potinkinis "]
["2.39.","Elektros instaliacijos moduliniai skydeliai. Potinkinis 36 modulių",20,"vnt",23.27,465.4,"Skydelis 36mod. potinkinis "]
["2.40.","Elektros instaliacijos moduliniai skydeliai. Virštinkinis 8 modulių",20,"vnt",10.11,202.2,"Skydelis 8mod. virštinkinis "]
["2.41.","Elektros instaliacijos moduliniai skydeliai. Virštinkinis 12 modulių",20,"vnt",8.02,160.39999999999998,"Skydelis 12mod. virštinkinis "]
["2.42.","Elektros instaliacijos moduliniai skydeliai. Virštinkinis 18 modulių",20,"vnt",15.09,301.8,"Skydelis 18 modulių virštinkinis"]
["2.43.","Elektros instaliacijos moduliniai skydeliai. Virštinkinis 24 modulių",20,"vnt",13.65,273,"Skydelis 24mod. virštinkinis "]
["2.44.","Elektros instaliacijos moduliniai skydeliai. Virštinkinis 36 modulių",20,"vnt",23.27,465.4,"Skydelis 36mod. virštinkinis "]
["2.45.","Elektros instaliacijos moduliniai skydeliai. Virštinkinis 4 modulių",40,"vnt",9.19,367.59999999999997,"Skydelis 4 modulių virštinkinis"]
["2.46.","Elektros instaliacijos moduliniai skydeliai. Potinkinis 4 modulių",30,"vnt",9.19,275.7,"Skydelis 4 modulių potinkinis"]
["2.47.","Kontaktorius 230V 15kw",20,"vnt",36.65,733,"CEM 32.00-230V (15kW) kontaktorius"]
["2.48.","Kontaktorius 230V 30kw",20,"vnt",70.040000000000006,1400.8000000000002,"CEM 65.00-230V (30kW) kontaktorius"]
["2.49.","METALINĖ MONTAŽINĖ DĖŽĖ IP 65(+-5)",40,"vnt",20.399999999999999,816,"Metalinė montažinė dėžė IP65"]
["2.50.","Jungiklis paketinis 25A dvipolis , LK25R/1.828 (0-1)  tipo",30,"vnt",10.65,319.5,"Jungiklis paketinis 25A, dvipolis 25A, LK25R/1.828 (0-1) tipo"]
["2.51.","Jungiklis paketinis  25A tripolis 2-ų eilių,  LK25R/1.834 (1-0-2) tipo",30,"vnt",15,450,"Jungiklis paketinis 25A tripolis 2-ų eilių, LK25R/1.834 (1-0-2) tipo"]
["2.52.","LED indikacinė lemputė balta",50,"vnt",3.87,193.5,"LED indikacinė balta lemputė"]
["2.53.","LED indikacinė lemputė geltona",50,"vnt",2.95,147.5,"LED indikacinė lemputė geltona"]
[null,null,null,null,"Suma be PVM",{"$f":"IF((SUMPRODUCT(--(F108:F160=\"\"))>0), \"\", SUM(F108:F160))","v":20433.5},{"$f":"IF((SUMPRODUCT(--(F108:F160=\"\"))>0), \"Neužpildytos visų objektų kainos\", \"\")","v":""}]
[null,null,null,null,"PVM suma",4291.04]
[null,null,null,null,"Suma su PVM",{"$f":"IF(ISBLANK(F162), \"\", SUM(F161:F162))","v":24724.54}]
[]
[]
[]
["3. DALIS","ŠVIESTUVAI, LEMPOS"]
[]
["Tiekėjo pasiūlymas:"]
["Nr.","Pavadinimas","Kiekis","Mato vienetas","Kaina be PVM, Eur","Suma be PVM, Eur","Siūlomi produktai"]
["3.","Šviestuvai, lempos"]
["3.1.","Šviestuvas LED, 4(+-2)W, IP44, paviršinis, evakuacinis, 3h, prie lubų, su lipduku",40,"vnt",37.799999999999997,{"$f":"IF(ISBLANK(E172),\"\", PRODUCT(C172,E172))","v":1512},"Šviestuvas paviršinis IP44, evakuacinis 3h, prie lsu lipduku"]
["3.2.","Stalinis šviestuvas, LED, aukštis iki 400(+-50) mm, reguliuojamas, pastatomas, padas 130 ± 20 mm",200,"vnt",13.78,2756,"Stalinis LED šviestuvas, 360mm aukštis, reguliuojamas, pastatomas padas 130 +- 20mm"]
["3.3.","Šviestuvas LED į „Amstrong“ tipo lubas 600x600x50 IP20 baltas 4000K,4000(+-400) lm, ≥ A+",1000,"vnt",15.8,15800,"LED šviestuvas į \"Amstrong\" lubas 600x60x50 IP20 baltas, 4000k, 4000lm."]
["3.4.","LED panelės rėmas, išoriniam montavimui 600x600 mm",300,"vnt",9.4499999999999993,2835,"Rėmelis 600x600mm išoriniam montavimui"]
["3.5.","Šviestuvas LED 20(+-3)W 60cm 4000K 2400(+-400)lm IP20",100,"vnt",6.1,610,"Šviestuvas LED 20W, 60cm, 4000k, 2000lm, IP20"]
["3.6.","Šviestuvas LED 40(+-5)W 120cm 4000K 4800(+-400)lm IP20",100,"vnt",10.15,1015,"Šviestuvas LED 40W, 120CM, 4000k, 4400lm, IP20"]
["3.7.","Šviestuvas LED 30(+-5)W   60 cm 4000K 3000(+-600)lm IP65",100,"vnt",11.5,1150,"Šviestuvas LED 30W, 60cm, 4000k, 3000lm, IP65"]
["3.8.","Šviestuvas LED 60(+-10)W 120cm 4000K  6000(+-1000)lm IP65",100,"vnt",18.649999999999999,1864.9999999999998,"Šviestuvas LED 60W, 120cm, 4000k, 6000lm, IP65"]
["3.9.","LED šviestuvas  su 1arba 2 rozetėmis, difuzorius matinis ,12(+-2) W, ≥900 Lm,  A+, švietimas  45o kampu , ne mažiau IP44",300,"vnt",30.11,9033,"LED šviestuvas su 2 rozetėmis, difuzorius matinis, 14W, 1200lm"]
["3.10.","LED prožektorius 50(+-5)W 4000K 4000(+-400)lm IP65",50,"vnt",7.8,390,"LED prožektorius 50W, 4000k, 4000lm, IP65"]
["3.11.","LED prožektorius 100(+-20)W 4000K 8000(+-1000)lm IP65",40,"vnt",15.2,608,"LED prožektorius 100W, 4000k, 8000lm, IP65"]
["3.12.","LED prožektorius, IP65, 50 W, aliuminio korpuse, su judesio davikliu",40,"vnt",20,800,"LED prožektorius 50W, 4000k, su judesio davikliu, IP65"]
["3.13.","LED šviestuvas apvalus, Ø285 mm, ≥1700 Lm, ≥A+, tvirtinamas į „ Amstrong“ tipo lubas, IP4(+-4)",200,"vnt",11.3,2260,"LED šviestuvas apvalus ø285mm, 2000lm, tvirtinamas į \"Amstrong\" lubas, IP44"]
["3.14.","LED šviestuvas apvalus, Ø240mm, ≥1200 Lm, ≥A+, tvirtinamas į „ Amstrong“ tipo lubas,IP44(+-4)",200,"vnt",6.9,1380,"LED šviestuvas apvalus ø240mm, 1520lm, tvirtinamas į \"Amstrong\" lubas, IP44"]
["3.15.","LED šviestuvas apvalus, Ø170mm, ≥1000 Lm, ≥A+, tvirtinamas į „ Amstrong“ tipo lubas,IP44(+-4)",200,"vnt",5.05,1010,"LED šviestuvas apvalus ø170mm, 1020lm, tvirtinamas į \"Amstrong\" lubas, IP44"]
["3.16.","Kompaktinė lium. lempa 230V G24q3 4P 18W 4000K",300,"vnt",2,600,"PL-C 18W/840/4P G24q3 kompaktinė lium. lempa"]
["3.17.","Kompaktinė lium. lempa G24d3 2P 18W 4000K",300,"vnt",2,600,"PL-C 18W/840/2P G24d3 kompaktinė lium. lempa "]
["3.18.","Kompaktinė lium. lempa 230V G24q3 4P 26W 4000K",300,"vnt",2,600,"PL-C 26W/840/4P G24q3 kompaktinė lium. lempa"]
["3.19.","Kompaktinė lium. lempa G24d3 2P 26W 4000K",300,"vnt",2,600,"PL-C 26W/840/2P G24d3 kompaktinė lium. lempa "]
["3.20.","Liuminiscencinė lempa T8 15W, L-45 cm",200,"vnt",3.59,718,"TLD 15W/840 G13 liuminiscencinė lempa T8 L-45cm"]
["3.21.","Starteriai 4-65 W, 220/240 V",1000,"vnt",0.2,200,"Starteris 4-65W 220/240V"]
["3.22.","Starteriai 4-22 W, 220/240 V",1000,"vnt",0.2,200,"Starteris 4-22W, 220/240V"]
[null,null,null,null,"Suma be PVM",{"$f":"IF((SUMPRODUCT(--(F172:F193=\"\"))>0), \"\", SUM(F172:F193))","v":46542},{"$f":"IF((SUMPRODUCT(--(F172:F193=\"\"))>0), \"Neužpildytos visų objektų kainos\", \"\")","v":""}]
[null,null,null,null,"PVM suma",9773.82]
[null,null,null,null,"Suma su PVM",{"$f":"IF(ISBLANK(F195), \"\", SUM(F194:F195))","v":56315.82}]
[]
[]
[]
["4. DALIS","ELEKTROS JUNGIKLIAI, ROZETĖS, INSTALIAVIMO DĖŽUTĖS"]
[]
["Tiekėjo pasiūlymas:"]
["Nr.","Pavadinimas","Kiekis","Mato vienetas","Kaina be PVM, Eur","Suma be PVM, Eur","Siūlomi produktai"]
["4.","Elektros jungikliai, rozetės, instaliavimo dėžutės"]
["4.1.","Dėžutė į gipso plokštę 1 vietos",400,"vnt",0.2,{"$f":"IF(ISBLANK(E205),\"\", PRODUCT(C205,E205))","v":80},"Dėžutė į gipso plokštę 1 vietos"]
["4.2.","Blokas iš 2 jų paskirstymo dėžučių į gipsą",200,"vnt",0.89,178,"Blokas iš 2-ų paskirstymo dėžučių į gipsą"]
["4.3.","Blokas iš 3 jų paskirstymo dėžučių į gipsą",200,"vnt",1.34,268,"Blokas iš 3-jų paskirstymo dėžučių į gipsą"]
["4.4.","Paskirstymo dėžutė į gipsą pagilinta ≥Ǿ70 mm",400,"vnt",0.23,92,"Paskirstymo dėžutė į gipsą pagilinta 70mm"]
["4.5.","Dangtelis potinkinei dėžutei",600,"vnt",0.11,66,"Dangtelis dėžutei potinkinei"]
["4.6.","Potinkinė paskirstymo dėžutė gili ≥Ǿ73 mm, su varžtais jungiklio pritvirtinimui, sujungiama",400,"vnt",0.19,76,"Potinkinė dėžutė paskirstymo gili 73mm, su varžtais, sujungiama"]
["4.7.","Potinkinė paskirstymo dėžutė , su varžtais jungiklio pritvirtinimui, sujungiama",1000,"vnt",0.15,150,"Potinkinė paskirstymo dėžutė, su varžtais, sujungiama"]
["4.8.","Virštinkinė paskirstymo dėžutė (85x85x37)±10%  IP54",400,"vnt",0.53,212,"Virštinkinė paskirstymo dėžutė 85x85x37 IP54"]
["4.9.","Virštinkinė paskirstymo dėžutė (100x100x50)±10% IP54",400,"vnt",0.63,252,"Virštinkinė paskirstymo dėžutė 100x100x50 IP54"]
["4.10.","Rozetė  1F potinkinė su įžeminimo laidu, 10A, 250V~, be rėmelio",1400,"vnt",1.34,1876,"Rozetė 1F potinkinė su įžeminimo laidu, be rėmelio"]
["4.11.","Rozetė  1F potinkinė su įžeminimo laidu, 10A, 250V~ , dviguba, su rėmėliu",400,"vnt",2.14,856,"Rozetė 1F potinkinė , dviguba, su rėmeliu"]
["4.12.","Jungiklis potinkinis vienpolis 10A, 250V~, IP20, be rėmelio",800,"vnt",1.62,1296,"Jungiklis potinkinis vienpolis, be rėmelio"]
["4.13.","Jungiklis potinkinis dvipolis 10A, 250V~, IP20, be rėmėlio",400,"vnt",1.83,732,"Jungiklis potinkinis dvipolis be rėmelio"]
["4.14.","Jungikliai potinkinis kryžminis, be rėmėlio",40,"vnt",2.69,107.6,"Jungiklis potinkinis kryžminis, be rėmelio"]
["4.15.","Potinkinis lizdas su PC 1 pajungimu RJ-45, be rėmėlio",200,"vnt",2.74,548,"Potinkinis lizdas su PC 1 pajungimu RJ-45, be rėmelio"]
["4.16.","Potinkinis lizdas su PC 2-iems pajungimams RJ-45, be rėmėlio",200,"vnt",4.9800000000000004,996.00000000000011,"Potinkinis lizdas su PC 2iems pajungimams RJ-45, be rėmelio"]
["4.17.","Potinkinis lizdas su PC+TEL  pajungimais, be rėmelio",200,"vnt",4.41,882,"Potinkinis lizdas su PC+TEL pajungimais, be rėmelio"]
["4.18.","Potinkinis lizdas su TV 1 pajungimu, be rėmėlio",150,"vnt",2.0499999999999998,307.5,"Potinkinis lizdas su TV 1 pajungimu, be rėmelio"]
["4.19.","Rozetė  1F potinkinė su įžeminimo laidu, su dangteliu 10A, 250V~",400,"vnt",2.0499999999999998,819.99999999999989,"Rozetė 1F potinkinė su įžeminimu, su dangteliu, 10A"]
["4.20.","Vienos vietos  rėmelis",3000,"vnt",0.23,690,"Rėmelis 1 vietos"]
["4.21.","Dviejų vietų rėmelis",1000,"vnt",0.43,430,"Rėmelis 2 vietų"]
["4.22.","Trijų vietų rėmelis",400,"vnt",0.77,308,"Rėmelis 3 vietų"]
["4.23.","Keturių vietų rėmelis",300,"vnt",1.1000000000000001,330,"Rėmelis 4 vietų"]
["4.24.","Penkių vietų rėmelis",100,"vnt",1.77,177,"Rėmelis 5 vietų"]
["4.25.","Dėžutė virštinkinė vienguba  balta",300,"vnt",0.54,162,"Dėžutė vienguba balta"]
["4.26.","Virštinkinė vienguba rozetė su įžeminimo laidu, 16 A",300,"vnt",1.38,413.99999999999994,"Virštinkinė vienguba rozetė su įžeminimu 16A"]
["4.27.","Virštinkinė dviguba rozetė su įžeminimo laidu, 16 A",400,"vnt",2.23,892,"Virštinkinė dviguba rozetė su įžeminimu 16A"]
["4.28.","Virštinkinė vienguba rozetė su įžeminimo laidu, 16 A, ne mažiau IP44, su dangteliu",150,"vnt",1.76,264,"Vieštinkinė vienguba rozetė su įžeminimu 16A, IP44, su dangteliu"]
["4.29.","Jungiklis viengubas virštinkinis , ne mažiau IP44",150,"vnt",1.65,247.5,"Jungiklis viengubas virštinkinis IP44"]
["4.30.","Jungiklis dvigubas virštinkinis , ne mažiau IP44",100,"vnt",1.9,190,"Jungiklis dvigubas IP44"]
["4.31.","Lizdas kompiuterio 1 vietos virštinkinis",300,"vnt",3.01,902.99999999999989,"Kompiuterinis lizdas 1 vietos"]
["4.32.","Lizdas kompiuterio 2 vietų virštinkinis",200,"vnt",5.44,1088,"Kompiuterinis lizdas 2 vietų"]
["4.33.","Telefono lizdas 2 vietų virštinkinis EURO-2",300,"vnt",3.94,1182,"Telefono lizdas 2 vietų virštinkinis EURO-2"]
["4.34.","Kištukas su įžeminimu 16A baltas",200,"vnt",0.84,168,"Kištukas su įžeminimu 16A"]
["4.35.","Kištukas su įžeminimu kampinis 16A baltas",200,"vnt",1.42,284,"Kištukas su įžeminimu kampinis baltas 16A"]
["4.36.","Kištukinis lizdas 5P 32A 400V p/t IP44",30,"vnt",3.2,96,"Kištukinis lizdas 5P 32A 400V p/t IP44"]
["4.37.","Kištukas 5P 32A 400V pernešamas",30,"vnt",3,90,"Kištukas pernešamas 5P 32A 400V"]
["4.38.","Ilgiklis 25 m ,4 lizdų metalinėje ritėje, 3x2,5 mm2 su įžeminimu",20,"vnt",37.4,748,"Ilgiklis 25m, 4 lizdų metalinė ritė, 3x2,5mm, su įžeminimu"]
["4.39.","Kištukinis lizdas 5P 16A 400V p/t IP44",30,"vnt",2.7,81,"Kištukinis lizdas 5P 16A, 400V p/t IP44"]
["4.40.","Kištukas 5P 16A 400V pernešamas ",30,"vnt",2.2000000000000002,66,"Kištukas 5P 16A 400V pernešamas"]
[null,null,null,null,"Suma be PVM",{"$f":"IF((SUMPRODUCT(--(F205:F244=\"\"))>0), \"\", SUM(F205:F244))","v":18605.599999999999},{"$f":"IF((SUMPRODUCT(--(F205:F244=\"\"))>0), \"Neužpildytos visų objektų kainos\", \"\")","v":""}]
[null,null,null,null,"PVM suma",3907.18]
[null,null,null,null,"Suma su PVM",{"$f":"IF(ISBLANK(F246), \"\", SUM(F245:F246))","v":22512.78}]

{"sheet":"Subtiekėjai ir priedai","index":1,"n_rows":100,"n_cols":11,"rows_kept":100,"cut":false,"hidden":false,"merged":[[23,0,23,1],[22,0,22,1],[21,0,21,1],[20,0,20,1],[19,0,19,1],[28,0,28,1],[27,0,27,1],[26,0,26,1],[25,0,25,1],[24,0,24,1],[23,2,23,4],[22,2,22,4],[21,2,21,4],[20,2,20,4],[19,2,19,4],[28,2,28,4],[27,2,27,4],[26,2,26,4],[25,2,25,4],[24,2,24,4],[23,5,23,7],[22,5,22,7],[21,5,21,7],[20,5,20,7],[19,5,19,7],[28,5,28,7],[27,5,27,7],[26,5,26,7],[25,5,25,7],[24,5,24,7],[23,8,23,9],[22,8,22,9],[21,8,21,9],[20,8,20,9],[19,8,19,9],[28,8,28,9],[27,8,27,9],[26,8,26,9],[25,8,25,9],[24,8,24,9],[16,0,16,10],[18,8,18,9],[18,5,18,7],[18,2,18,4],[18,0,18,1],[13,0,13,1],[12,0,12,1],[11,0,11,1],[10,0,10,1],[13,8,13,9],[12,8,12,9],[11,8,11,9],[10,8,10,9],[4,0,4,1],[5,5,5,7],[5,0,5,1],[9,0,9,1],[13,2,13,4],[12,2,12,4],[11,2,11,4],[10,2,10,4],[9,2,9,4],[13,5,13,7],[12,5,12,7],[11,5,11,7],[10,5,10,7],[9,5,9,7],[1,0,2,10],[30,0,30,9],[14,5,14,7],[8,5,8,7],[7,5,7,7],[6,5,6,7],[14,8,14,9],[8,8,8,9],[7,8,7,9],[6,8,6,9],[14,0,14,1],[8,0,8,1],[7,0,7,1],[6,0,6,1],[14,2,14,4],[8,2,8,4],[7,2,7,4],[9,8,9,9],[6,2,6,4],[5,2,5,4],[5,8,5,9],[4,8,4,9],[4,5,4,7],[4,2,4,4],[32,0,32,9],[34,7,34,9],[34,1,34,6],[45,7,45,9],[42,7,42,9],[37,7,37,9],[36,7,36,9],[35,7,35,9],[44,7,44,9],[43,7,43,9],[41,7,41,9],[40,7,40,9],[39,7,39,9],[38,7,38,9],[45,1,45,6],[44,1,44,6],[47,0,47,9],[52,4,52,9],[50,4,50,9],[52,0,52,3],[50,0,50,3],[38,1,38,6],[37,1,37,6],[36,1,36,6],[35,1,35,6],[43,1,43,6],[42,1,42,6],[41,1,41,6],[40,1,40,6],[39,1,39,6]]}
[]
["Ūkio subjektai (įskaitant kvazisubtiekėjus - fiziniai asmenys, kuriuos ketinama įdarbinti pirkimo laimėjimo atveju), kurių pajėgumais tiekėjas remiasi, kad atitiktų keliamus kvalifikacijos reikalavimus:"]
[]
[]
["Pavadinimas*",null,"Kodas, adresas",null,null,"Perduodami įsipareigojimai",null,null,"Perduodamų įsipareigojimų dalis nuo visos pirkimo sutarties (Eur arba %)",null,"Kval. Reikalavimo Nr."]
[]
[]
[]
[]
[]
[]
[]
[]
[]
[]
[]
["Subtiekėjams / subteikėjams / subrangovams numatomos perduoti veiklos (privaloma nurodyti) ir šių ūkio subjektų pavadinimai (jei žinomi):"]
[]
["Pavadinimas",null,"Kodas, adresas",null,null,"Perduodama veikla*",null,null,"Perduodamos veiklos dalis nuo visos pirkimo sutarties (Eur arba %)"]
[]
[]
[]
[]
[]
[]
[]
[]
[]
[]
[]
[]
[]
["Kartu su pasiūlymu pateikiami šie dokumentai:"]
[]
["Nr.","Dokumento  pavadinimas",null,null,null,null,null,"Dokumentas yra konfidencialus? Taip/Ne"]
[1,"Jungtinės veiklos kopija (jei taikoma)"]
[2,"Europos bendrasis viešųjų pirkimų dokumentas"]
[3,"Subtiekimo sutartis, ketinimų protokolas, preliminarios sutartys ar kiti dokumentai, patvirtinantys, kad laimėjus pirkimą tiekėjui bus prieinami kitų ūkio subjektų ištekliai (jei pasitelkiami kvalifikacijos atitikimui)"]
[]
[]
[]
[]
[]
[]
[]
[]
[]
["Pasiūlyme nurodyta Prekės kaina, išskyrus jos sudedamąsias dalis, subtiekėjai, taip pat kita informacija, kuri teisės aktų nustatyta tvarka turi būti skelbiama arba kitokiu būdu viešai prieinama visuomenei, nėra laikoma konfidencialia informacija. Konfidencialią informaciją sudaro, visų pirma, komercinė (gamybinė) paslaptis ir konfidencialieji pasiūlymų aspektai. Informacija, kurią viešai skelbti įpareigoja Lietuvos Respublikos įstatymai, negali būti tiekėjo nurodoma kaip konfidenciali, todėl, tiekėjui nurodžius tokią informaciją kaip konfidencialią, perkančioji organizacija turi teisę ją skelbti. Jei tiekėjas nenurodo konfidencialios informacijos, laikoma, kad konfidencialios informacijos tiekėjo pasiūlyme nėra. Vadovaujantis Informacijos viešinimo Centrinėje viešųjų pirkimų informacinėje sistemoje tvarkos aprašu, patvirtintu Viešųjų pirkimų tarnybos direktoriaus 2017 m. birželio 19 d. įsakymu Nr. 1S-91 „Dėl Informacijos viešinimo Centrinėje viešųjų pirkimų informacinėje sistemoje tvarkos aprašo patvirtinimo“, perkančioji organizacija laimėjusio dalyvio pasiūlymą, išskyrus informaciją, kurią tiekėjas nurodė kaip konfidencialią, paskelbs CVP IS."]
[]
[]
["Tiekėjo arba jo įgalioto asmens pareigų pavadinimas:"]
[]
["Pasirašančio asmens vardas ir pavardė:"]
[]
[]
[]
[]
[]
[]
[]
[]
[]
[]
[]
[]
[]
[]
[]
[]
[]
[]
[]
[]
[]
[]
[]
[]
[]
[]
[]
[]
[]
[]
[]
[]
[]
[]
[]
[]
[]
[]
[]
[]
[]
[]
[]
[]
[]
[]
["6740 2022-02-18 09:19:04"]